[Event "Lichtenberger Sommer 2018"]
[Site "?"]
[Date "2018.08.21"]
[Round "4.74"]
[White "Khalaf, Adnan"]
[Black "Rehmsmeier, Marc"]
[Result "1-0"]
[WhiteElo "1585"]
[BlackElo "1735"]
[PlyCount "77"]
[EventDate "2018.??.??"]
[WhiteTeam "Läufer Reinickendorf"]
[BlackTeam "SK International Berlin 2010"]

1. d4 d5 2. Bf4 Nf6 3. e3 e6 4. a3 c5 5. Nc3 a6 6. Nf3 Nc6 7. h3 Be7 8. Be2 O-O
9. O-O cxd4 10. exd4 b5 11. Re1 Ne8 12. Bf1 Nd6 13. Ne2 Bb7 14. Ng3 g6 15. Bh6
Re8 16. b3 Bf6 17. Qd2 Ne7 18. Bd3 a5 19. h4 Nc6 20. h5 Nxd4 21. Nxd4 Bxd4 22.
c3 Bg7 23. hxg6 fxg6 24. Rac1 Rc8 25. Bxg7 Kxg7 26. Qf4 Rc7 27. Qg4 Qe7 28.
Nh5+ Kh8 29. Nf4 Nf5 30. Rxe6 Qf7 31. Rxe8+ Qxe8 32. Bxf5 gxf5 33. Qxf5 Rf7 34.
Qg4 Qe4 35. g3 d4 36. Qh3 Rg7 37. Nh5 Rf7 38. cxd4 Rxf2 39. Rc8+ 1-0

[Event "Lichtenberger Sommer 2018"]
[Site "?"]
[Date "2018.08.21"]
[Round "4.75"]
[White "Lange, Malina"]
[Black "Krüger, Ekkehard"]
[Result "0-1"]
[WhiteElo "1488"]
[BlackElo "1854"]
[PlyCount "116"]
[EventDate "2018.??.??"]
[WhiteTeam "SV Mattnetz Berlin"]
[BlackTeam "SG NARVA Berlin"]

1. e4 c5 2. Nf3 d6 3. d4 cxd4 4. Nxd4 Nf6 5. Nc3 a6 6. Be3 e5 7. Nf3 Be7 8. Bc4
Nbd7 9. Qd2 Qc7 10. Bb3 O-O 11. O-O-O b5 12. Rdg1 Nb6 13. Bg5 Bb7 14. Bxf6 Bxf6
15. g4 Nc4 16. Qd3 Rac8 17. g5 Be7 18. h4 Qc5 19. Rh2 Rfd8 20. h5 a5 21. a3 b4
22. axb4 axb4 23. Na2 d5 24. exd5 Bxd5 25. Qf5 Be6 26. Qe4 Nd6 27. Qxb4 Qxb4
28. Nxb4 Bxb3 29. Kb1 e4 30. Ne5 Ba4 31. c3 Nc4 32. Nxc4 Rxc4 33. Nc2 Rc5 34.
g6 Rg5 35. gxf7+ Kxf7 36. Re1 Rgd5 37. Ne3 Rc5 38. h6 g6 39. Rc1 Bb3 40. Nc2
Rd2 41. Nd4 Bc4 42. b4 Bd3+ 43. Ka1 Rc8 44. Nc2 Rxc2 45. Rxc2 Bxc2 46. Kb2 Bd3
47. Rh1 Bg5 48. Ra1 Rc7 49. Ra5 Bxh6 50. Kb3 Bd2 51. b5 Rxc3+ 52. Kb4 Rc1+ 53.
Ka4 Ra1+ 54. Kb3 Rxa5 55. b6 Rb5+ 56. Ka4 Rxb6 57. Ka3 Bc4 58. Ka4 Ra6# 0-1

[Event "Lichtenberger Sommer 2018"]
[Site "?"]
[Date "2018.08.21"]
[Round "4.76"]
[White "Zinnecker, Peter"]
[Black "Kohlmeyer, Dagobert"]
[Result "1/2-1/2"]
[WhiteElo "1401"]
[BlackElo "1858"]
[PlyCount "47"]
[EventDate "2018.??.??"]
[WhiteTeam "SV Teutonia Coerde"]
[BlackTeam "SG Weißensee 49"]

1. c4 Nf6 2. g3 g6 3. Bg2 Bg7 4. Nc3 c6 5. e4 d6 6. Nge2 O-O 7. O-O e5 8. d3
Be6 9. Rb1 Qd7 10. b4 Bh3 11. Bxh3 Qxh3 12. f3 h5 13. b5 c5 14. Bg5 Nbd7 15. a4
Kh7 16. Kh1 Qe6 17. a5 Bh6 18. Bxh6 Kxh6 19. Qd2+ Kg7 20. Ng1 Rh8 21. Kg2 Rac8
22. Nh3 Nh7 23. Nd5 Ndf6 24. Nxf6 1/2-1/2

[Event "Lichtenberger Sommer 2018"]
[Site "?"]
[Date "2018.08.21"]
[Round "4.77"]
[White "Schilly, Hans-Joachim"]
[Black "Engelhardt, Erhard"]
[Result "1/2-1/2"]
[WhiteElo "1771"]
[BlackElo "1769"]
[PlyCount "110"]
[EventDate "2018.??.??"]
[WhiteTeam "SF Siemensstadt"]
[BlackTeam "SSV Rotation Berlin"]

1. c4 e6 2. e4 d5 3. exd5 exd5 4. d4 c6 5. Nf3 Bg4 6. Be2 Bd6 7. c5 Bc7 8. O-O
Ne7 9. Re1 O-O 10. Bg5 f6 11. Be3 Re8 12. Nbd2 Nd7 13. Qc2 Bf5 14. Qc3 Nf8 15.
Nh4 Bg6 16. Nxg6 Nexg6 17. Nf3 Qd7 18. Bd3 Re7 19. Qc2 Rae8 20. Bf5 Qd8 21. h4
Nf4 22. Qd2 Qb8 23. g3 N4e6 24. Kg2 g6 25. Bd3 Ng7 26. Nh2 Nh5 27. Ng4 Bxg3 28.
Nxf6+ Nxf6 29. fxg3 Ne4 30. Bxe4 Rxe4 31. Bf4 Qc8 32. Be5 Qg4 33. Rxe4 Qxe4+
34. Kg1 Nd7 35. Re1 Qg4 36. Bf4 Rxe1+ 37. Qxe1 Kf7 38. Qf2 Qf5 39. b4 Qb1+ 40.
Kg2 Qe4+ 41. Kh2 Qf5 42. a4 Nf6 43. Kg2 Qe4+ 44. Qf3 Qxf3+ 45. Kxf3 Ne4 46. b5
Nc3 47. bxc6 bxc6 48. a5 a6 49. Bd2 Ne4 50. Be1 Kf6 51. g4 h6 52. Ke3 g5 53.
Kf3 Kg6 54. hxg5 Kxg5 55. Bb4 Kg6 1/2-1/2

[Event "Lichtenberger Sommer 2018"]
[Site "?"]
[Date "2018.08.21"]
[Round "4.78"]
[White "Bandsom, Olaf"]
[Black "Bastian, Reinhard"]
[Result "1-0"]
[WhiteElo "1806"]
[BlackElo "1667"]
[PlyCount "97"]
[EventDate "2018.??.??"]
[WhiteTeam "SC Friesen Lichtenberg"]
[BlackTeam "vereinslos"]

1. e4 e6 2. d4 d5 3. Nc3 Bb4 4. exd5 exd5 5. Bd3 Nc6 6. Nge2 Bg4 7. f3 Bh5 8.
O-O Nf6 9. Bg5 O-O 10. Nf4 Bg6 11. Ncxd5 Bd6 12. Nxg6 hxg6 13. Nxf6+ gxf6 14.
Bh6 Re8 15. c3 Bf8 16. Bxf8 Kxf8 17. Qd2 Kg7 18. f4 f5 19. Rf3 Rh8 20. Rg3 Qf6
21. Re1 Rae8 22. Rge3 Qh4 23. g3 Qd8 24. Bb5 a6 25. Bxc6 bxc6 26. Qe2 Rxe3 27.
Qxe3 Qd6 28. Qe5+ Qxe5 29. Rxe5 Rb8 30. b4 Rb6 31. a3 Kf8 32. Kf2 f6 33. Re3
Kf7 34. Ke2 a5 35. Kd3 a4 36. c4 Rb8 37. d5 cxd5 38. cxd5 g5 39. fxg5 fxg5 40.
Re5 Kf6 41. Re6+ Kf7 42. Rc6 Rb7 43. Kd4 f4 44. gxf4 gxf4 45. Ke4 Rb5 46. Rxc7+
Ke8 47. Rc5 Rb7 48. d6 Rh7 49. Rc8+ 1-0

[Event "Lichtenberger Sommer 2018"]
[Site "?"]
[Date "2018.08.21"]
[Round "4.79"]
[White "Kapp, Frank"]
[Black "Murat, Abylay"]
[Result "1/2-1/2"]
[WhiteElo "1874"]
[BlackElo "1708"]
[PlyCount "130"]
[EventDate "2018.??.??"]
[WhiteTeam "TSV IFA Chemnitz"]
[BlackTeam "SC Friesen Lichtenberg"]

1. d4 d5 2. Bf4 Nc6 3. Nf3 Nf6 4. e3 Bg4 5. c3 e6 6. Bd3 Bd6 7. Qc2 Bxf3 8.
Bxd6 Bxg2 9. Rg1 Be4 10. Be5 Nxe5 11. dxe5 Bxd3 12. Qxd3 Ne4 13. Rg2 a6 14. Nd2
Nc5 15. Qe2 Qh4 16. O-O-O g6 17. f4 O-O-O 18. Nf3 Qe7 19. Qc2 Nd7 20. Qa4 Nb6
21. Qd4 c5 22. Qd3 Qc7 23. h4 Qc6 24. Rgd2 Nc4 25. Rc2 Qa4 26. b3 Qa3+ 27. Kb1
Na5 28. b4 Nc4 29. bxc5 Qxc5 30. Re2 b5 31. Nd4 b4 32. Nb3 Na3+ 33. Kb2 bxc3+
34. Qxc3 Nc4+ 35. Ka1 Qb5 36. Rb1 Kd7 37. Nd4 Qa4 38. Rb7+ Ke8 39. Qb3 Qa3 40.
Qxa3 Nxa3 41. Reb2 Nc4 42. Rb1 Kf8 43. Ra7 Nxe3 44. Rbb7 Kg7 45. Nxe6+ Kh6 46.
Nxd8 Rxd8 47. Rxf7 Kh5 48. Rxh7+ Kg4 49. e6 Re8 50. Rhe7 Rb8 51. Reb7 Re8 52.
e7 Nf5 53. Rd7 d4 54. Rd8 Rxe7 55. Rxe7 Nxe7 56. Rxd4 Nf5 57. Ra4 Nxh4 58. Kb2
Ng2 59. Kc3 Nxf4 60. Kd2 Kf3 61. Rxa6 g5 62. Ke1 g4 63. Rf6 g3 64. Kf1 g2+ 65.
Kg1 Kg3 1/2-1/2

[Event "Lichtenberger Sommer 2018"]
[Site "?"]
[Date "2018.08.21"]
[Round "4.80"]
[White "Wolff, Marie Antoinette"]
[Black "Fricke, Janek Konrad"]
[Result "1-0"]
[WhiteElo "1780"]
[BlackElo "1485"]
[PlyCount "95"]
[EventDate "2018.??.??"]
[WhiteTeam "Leegebrucher SF"]
[BlackTeam "SV Empor Berlin"]

1. d4 d5 2. c4 e6 3. Nc3 Nf6 4. Nf3 c5 5. e3 Be7 6. Bd2 Nc6 7. cxd5 Nxd5 8. Bb5
O-O 9. Bxc6 bxc6 10. O-O cxd4 11. Nxd4 c5 12. Nc6 Qc7 13. Nxe7+ Nxe7 14. Rc1
Ba6 15. Re1 Bd3 16. Na4 c4 17. Bb4 Rfd8 18. Qf3 Nd5 19. Ba3 Rac8 20. Red1 Nb6
21. Nxb6 axb6 22. Bb4 b5 23. a3 Qc6 24. Qg3 Bg6 25. h3 Qb6 26. Kh2 Rxd1 27.
Rxd1 Rd8 28. Bd6 Qc6 29. Be7 Re8 30. Bb4 Be4 31. Rd6 Qc7 32. f3 Bd3 33. Bc3 Bg6
34. Be5 f6 35. Bc3 e5 36. Bb4 Rd8 37. Ra6 Qb7 38. Re6 Qd5 39. Rb6 Rd7 40. e4
Qd4 41. Rxb5 Qxb2 42. Qg4 Qd4 43. Qe6+ Bf7 44. Qc6 Be8 45. Rb8 Kf7 46. Qc8 Kg6
47. Qxe8+ Kh6 48. Qe6 1-0

[Event "Lichtenberger Sommer 2018"]
[Site "?"]
[Date "2018.08.21"]
[Round "4.81"]
[White "Fiß, Wolfgang"]
[Black "Hömke, Holger"]
[Result "1-0"]
[WhiteElo "1757"]
[BlackElo "1578"]
[PlyCount "75"]
[EventDate "2018.??.??"]
[WhiteTeam "SC Oranienburg"]
[BlackTeam "SK Zehlendorf"]

1. d4 Nf6 2. Nf3 e6 3. g3 d5 4. Bg2 Be7 5. O-O Nbd7 6. b3 O-O 7. Ba3 Bxa3 8.
Nxa3 Qe7 9. Qc1 c5 10. c4 cxd4 11. cxd5 Nxd5 12. Nxd4 N7f6 13. e4 Nb6 14. Nc4
Nxc4 15. Qxc4 Bd7 16. e5 Nd5 17. Bxd5 exd5 18. Qxd5 Bh3 19. Rfe1 Rfd8 20. Qe4
Be6 21. Nf5 Bxf5 22. Qxf5 Rd5 23. Rad1 Rad8 24. Rxd5 Rxd5 25. Qc8+ Rd8 26. Qc4
Qe6 27. Qc7 Qd7 28. Rc1 Kf8 29. Qc5+ Kg8 30. Qxa7 Qd2 31. Qc5 Qxa2 32. Qb5 Kf8
33. Qxb7 g6 34. Qf3 Qb2 35. Rc7 Qb1+ 36. Kg2 Qf5 37. Qxf5 gxf5 38. Rb7 1-0

[Event "Lichtenberger Sommer 2018"]
[Site "?"]
[Date "2018.08.21"]
[Round "4.82"]
[White "Kirves, Martin"]
[Black "Becker, Werner"]
[Result "0-1"]
[WhiteElo "1332"]
[BlackElo "1689"]
[PlyCount "142"]
[EventDate "2018.??.??"]
[WhiteTeam "BSC Rehberge"]
[BlackTeam "SV Königsee"]

1. d4 d5 2. c4 e6 3. Nc3 c6 4. cxd5 cxd5 5. Nf3 Nf6 6. Bf4 Bd7 7. e3 a6 8. Bd3
Be7 9. Qc2 h6 10. O-O Nc6 11. a3 Rc8 12. Rfe1 Na7 13. Qe2 Bc6 14. Ne5 Bd6 15.
Rad1 O-O 16. f3 Nh5 17. Bg3 Be8 18. Bf2 Nf6 19. Bh4 Be7 20. Bb1 Nh7 21. Qc2 f5
22. Bxe7 Qxe7 23. e4 Qd8 24. Qd3 Nc6 25. exf5 exf5 26. Ba2 Ne7 27. f4 Rf6 28.
Qf3 Bc6 29. Nxc6 bxc6 30. Qe2 Ng6 31. g3 Qb6 32. Rd3 Nhf8 33. Qd2 Ne6 34. Bxd5
Re8 35. Bxe6+ Rfxe6 36. Rxe6 Rxe6 37. b4 Kf7 38. Re3 Nf8 39. Kg2 Rxe3 40. Qxe3
Ne6 41. Na4 Qxd4 42. Qxd4 Nxd4 43. Nc5 Nc2 44. Nxa6 Nxa3 45. Nb8 c5 46. bxc5
Ke6 47. Kf3 Nc4 48. Na6 Kd7 49. g4 Nd2+ 50. Kg3 Nf1+ 51. Kg2 Ne3+ 52. Kf3 Nxg4
53. Kg3 Nf6 54. Nb4 Ne4+ 55. Kh4 Nxc5 56. Kh5 Ne6 57. Kg6 Nxf4+ 58. Kxf5 g5 59.
Kg4 Ke6 60. h4 Kf6 61. hxg5+ hxg5 62. Nc2 Nd5 63. Ne1 Kg6 64. Ng2 Nf6+ 65. Kg3
Kh5 66. Nf4+ Kh6 67. Ng2 Kg6 68. Nf4+ Kf5 69. Ng2 Ne4+ 70. Kh2 Kg4 71. Ne3+ Kf3
0-1

[Event "Lichtenberger Sommer 2018"]
[Site "?"]
[Date "2018.08.21"]
[Round "4.83"]
[White "Bode, Jan-Michael"]
[Black "Korek, Jakob Alexander"]
[Result "1/2-1/2"]
[WhiteElo "1874"]
[BlackElo "1498"]
[PlyCount "63"]
[EventDate "2018.??.??"]
[WhiteTeam "SW Lichtenrade"]
[BlackTeam "Königsjäger Süd-West"]

1. d4 d5 2. Bf4 Nf6 3. e3 e6 4. Nf3 c5 5. c3 Be7 6. Bd3 O-O 7. Nbd2 b6 8. h3
Nc6 9. O-O Bd6 10. Ne5 Bb7 11. Ndf3 Ne4 12. Nxc6 Bxc6 13. Ne5 Qc7 14. Nxc6 Qxc6
15. Bxd6 Nxd6 16. Qh5 f5 17. Qe2 a6 18. Rac1 b5 19. dxc5 Qxc5 20. Rfd1 Rab8 21.
Qd2 Rfd8 22. Kf1 Rd7 23. b3 Rbd8 24. Bb1 Ne4 25. Qd4 Qc6 26. f3 Nc5 27. Qe5 a5
28. b4 Na4 29. a3 Nb2 30. Re1 Nc4 31. Qf4 a4 32. h4 1/2-1/2

[Event "Lichtenberger Sommer 2018"]
[Site "?"]
[Date "2018.08.21"]
[Round "4.84"]
[White "Franke, Lukas"]
[Black "Müller, Johannes"]
[Result "1-0"]
[WhiteElo "1287"]
[BlackElo "1775"]
[PlyCount "93"]
[EventDate "2018.??.??"]
[WhiteTeam "Königsjäger Süd-West"]
[BlackTeam "SC Eintracht Berlin"]

1. d4 Nf6 2. Bf4 c6 3. e3 d5 4. c3 g6 5. Bd3 Bg7 6. Nf3 Nbd7 7. Nbd2 O-O 8. O-O
Nh5 9. Bg3 Nxg3 10. fxg3 e5 11. e4 dxe4 12. Nxe4 f5 13. Bc4+ Kh8 14. Nd6 e4 15.
Ne1 Qe7 16. Nxc8 Raxc8 17. Nc2 Nb6 18. Bb3 Nd5 19. Qe2 Bh6 20. Bxd5 cxd5 21.
Qb5 Qd6 22. Nb4 Rfd8 23. Qxb7 a5 24. Na6 Ra8 25. Nc5 Rab8 26. Qa6 Qxa6 27. Nxa6
Rxb2 28. Nc5 Rc2 29. Rab1 Rxc3 30. Rb7 Be3+ 31. Kh1 Bxd4 32. Ne6 Rdc8 33. Nxd4
Rd3 34. Ne6 d4 35. Rfb1 Rdc3 36. h4 d3 37. Rd7 Rc1+ 38. Rxc1 Rxc1+ 39. Kh2 h5
40. Nf4 Rc2 41. Nxg6+ Kg8 42. Ne7+ Kf8 43. Nxf5 Rxa2 44. g4 hxg4 45. h5 Re2 46.
h6 Kg8 47. Rg7+ 1-0

[Event "Lichtenberger Sommer 2018"]
[Site "?"]
[Date "2018.08.21"]
[Round "4.85"]
[White "Prix, Siegfried"]
[Black "Ettel, Ralf"]
[Result "1-0"]
[WhiteElo "1739"]
[BlackElo "1549"]
[PlyCount "83"]
[EventDate "2018.??.??"]
[WhiteTeam "SF 1903 Berlin"]
[BlackTeam "SK König Tegel"]

1. e4 d5 2. exd5 Qxd5 3. Nc3 Qa5 4. d4 c6 5. Nf3 Bf5 6. Bc4 e6 7. O-O Nd7 8. a3
Ngf6 9. Bd2 Qc7 10. Re1 Bd6 11. h3 O-O-O 12. Bb3 Nb6 13. Qe2 Nbd5 14. Ne5 Bg6
15. Rad1 Nh5 16. Nxg6 hxg6 17. Ne4 Bh2+ 18. Kh1 Bf4 19. Qf3 Ndf6 20. Bb4 Nxe4
21. Rxe4 g5 22. Kg1 Nf6 23. Ree1 Rh4 24. Kf1 g4 25. hxg4 Nxg4 26. Ke2 Ne5 27.
Qc3 Ng4 28. Rh1 Rh6 29. Rh3 Rxh3 30. Qxh3 Nf6 31. Be1 Kb8 32. g3 Bh6 33. f4 c5
34. dxc5 Rxd1 35. Kxd1 Qxc5 36. Qg2 Ng4 37. Qd2 Ne3+ 38. Kc1 Nd5 39. Bf2 Qc6
40. Qd4 b6 41. Kb1 g5 42. Qh8+ 1-0

[Event "Lichtenberger Sommer 2018"]
[Site "?"]
[Date "2018.08.21"]
[Round "4.86"]
[White "Jugert, Ole"]
[Black "Lange, Johannes Friedrich"]
[Result "1/2-1/2"]
[WhiteElo "1650"]
[BlackElo "1447"]
[PlyCount "79"]
[EventDate "2018.??.??"]
[WhiteTeam "vereinslos"]
[BlackTeam "TSG Oberschöneweide"]

1. d4 d5 2. c4 e6 3. Nc3 Nf6 4. cxd5 exd5 5. Bg5 Nbd7 6. e3 Be7 7. Bd3 O-O 8.
Qc2 h6 9. Bh4 Re8 10. Nf3 Nb6 11. O-O Bg4 12. Nd2 c6 13. f3 Be6 14. Ne2 Nfd7
15. Bxe7 Qxe7 16. e4 dxe4 17. fxe4 Nf6 18. Nf4 Ng4 19. Rf3 Qd6 20. Qc5 Qxc5 21.
dxc5 Na4 22. Nxe6 Rxe6 23. Bc4 Re7 24. b4 Rd8 25. Rd3 Rxd3 26. Bxd3 Rd7 27. Be2
Nf6 28. Nc4 Nxe4 29. Rd1 Rxd1+ 30. Bxd1 Nac3 31. Bc2 Kf8 32. Na5 Nd2 33. a3 Nb5
34. a4 Nd4 35. Bd3 b6 36. cxb6 axb6 37. Nb7 N2b3 38. Bc4 Ke7 39. a5 bxa5 40.
bxa5 1/2-1/2

[Event "Lichtenberger Sommer 2018"]
[Site "?"]
[Date "2018.08.21"]
[Round "4.87"]
[White "Kujawa, Werner"]
[Black "Fontaine, Constantin"]
[Result "1-0"]
[WhiteElo "1726"]
[BlackElo "1487"]
[PlyCount "80"]
[EventDate "2018.??.??"]
[WhiteTeam "SV Motor Wildau"]
[BlackTeam "SK Tempelhof 1931"]

1. e4 d6 2. d4 g6 3. Bc4 Bg7 4. Ne2 Nf6 5. Nbc3 O-O 6. Bb3 c6 7. a4 a5 8. O-O
Nbd7 9. f3 e6 10. Be3 d5 11. Kh1 b6 12. e5 Ne8 13. Qd2 c5 14. Bg5 f6 15. exf6
Nexf6 16. Rae1 cxd4 17. Nxd4 Nc5 18. Ncb5 Nxb3 19. cxb3 Re8 20. Nc6 Qd7 21. Ne5
Qe7 22. Rc1 Ba6 23. Rc7 Qb4 24. Rxg7+ Kxg7 25. Bh6+ Kh8 26. Qg5 Qe7 27. Rc1 Ng8
28. Rc7 Rac8 29. Rxe7 Rxe7 30. Nd6 Rcc7 31. Nef7+ Rxf7 32. Nxf7+ Rxf7 33. Qe5+
Rf6 34. Bg5 Kg7 35. Bxf6+ Nxf6 36. Qxe6 Nh5 37. Qxb6 Bc8 38. Qc7+ Kh6 39. Qxc8
d4 40. Qc1+ g5 1-0

[Event "Lichtenberger Sommer 2018"]
[Site "?"]
[Date "2018.08.21"]
[Round "4.88"]
[White "Toth, Hans-Jürgen"]
[Black "Bollenbach, Horst"]
[Result "0-1"]
[WhiteElo "1452"]
[BlackElo "1736"]
[PlyCount "69"]
[EventDate "2018.??.??"]
[WhiteTeam "SF Zehdenick"]
[BlackTeam "SC Friesen Lichtenberg"]

1. f4 d5 2. Nf3 c5 3. e3 Nc6 4. Bb5 Bd7 5. Bxc6 Bxc6 6. Ne5 Nf6 7. O-O e6 8. b3
Bb5 9. d3 g6 10. a4 Ba6 11. Bb2 Bg7 12. Nd2 O-O 13. Rf3 Nd7 14. d4 b6 15. Rg3
Nxe5 16. dxe5 Qc7 17. Ba3 f6 18. exf6 Bxf6 19. Rb1 d4 20. Qg4 Bc8 21. Ne4 dxe3
22. Rxe3 Bd4 23. Bc1 Rxf4 24. Nf6+ Rxf6 25. c3 e5 26. Qd1 Bxe3+ 27. Bxe3 Bb7
28. Qd3 Rd8 29. Qe2 Rdf8 30. Bh6 R8f7 31. Qb5 Qc6 32. Qxc6 Bxc6 33. Rd1 Rd7 34.
Re1 e4 35. Re2 0-1

[Event "Lichtenberger Sommer 2018"]
[Site "?"]
[Date "2018.08.21"]
[Round "4.89"]
[White "Schneider, Eckehard"]
[Black "Jouani, Zakharia"]
[Result "1-0"]
[WhiteElo "1837"]
[BlackElo "1243"]
[PlyCount "63"]
[EventDate "2018.??.??"]
[WhiteTeam "SF 1903 Berlin"]
[BlackTeam "SK Zehlendorf"]

1. e4 e5 2. Nf3 Nc6 3. d4 exd4 4. Nxd4 Nf6 5. Nxc6 bxc6 6. Bd3 Bc5 7. O-O O-O
8. Bg5 d6 9. Nc3 Rb8 10. Na4 Bb6 11. c3 Be6 12. Qf3 Re8 13. h3 Qe7 14. Rfe1 h6
15. Bxf6 Qxf6 16. Qxf6 gxf6 17. b3 c5 18. Nxb6 cxb6 19. Bb5 Re7 20. Rad1 Rd8
21. c4 a5 22. Re3 Bc8 23. f3 f5 24. e5 f6 25. f4 Kf7 26. Kf2 Re6 27. Bc6 Kf8
28. Bd5 Re7 29. Rg3 Ke8 30. exf6 Rc7 31. Re1+ Kf8 32. Rg8# 1-0

[Event "Lichtenberger Sommer 2018"]
[Site "?"]
[Date "2018.08.21"]
[Round "4.90"]
[White "Koerber, Bernhard"]
[Black "Schindler, Rudolf"]
[Result "0-1"]
[WhiteElo "1552"]
[BlackElo "1835"]
[PlyCount "118"]
[EventDate "2018.??.??"]
[WhiteTeam "Lasker Steglitz-Wilmersdorf"]
[BlackTeam "Lasker Steglitz-Wilmersdorf"]

1. e4 d6 2. d4 Nf6 3. Nc3 e5 4. Nf3 Nbd7 5. Bc4 Be7 6. O-O O-O 7. Be3 c6 8. a4
a5 9. d5 Nb6 10. Bb3 Bg4 11. h3 Bh5 12. g4 Bg6 13. Qd3 Nbxd5 14. Nxd5 cxd5 15.
Bxd5 Nxd5 16. Qxd5 Qc7 17. c4 Qc6 18. Qxc6 bxc6 19. Nd2 Rfb8 20. b3 f6 21. Rab1
d5 22. f3 Bb4 23. Rfd1 d4 24. Bf2 Bxd2 25. Rxd2 Rb4 26. Be1 Bf7 27. Rdb2 Rb7
28. Kf2 c5 29. Ke2 g6 30. Kd3 Kf8 31. Rg2 Rab8 32. Rgb2 Ra8 33. Rg2 Be6 34. Bg3
Rab8 35. Rgb2 g5 36. Be1 Ra7 37. Rh2 Bd7 38. Rhb2 Kg7 39. Bd2 Rh8 40. Rh1 h5
41. Rbb1 h4 42. Rb2 Rb8 43. Rhb1 Kf7 44. Be1 Ke6 45. Bd2 Kd6 46. Be1 Kc6 47.
Bd2 Kb6 48. b4 cxb4 49. Bxb4 Kc6 50. Be7 Rxb2 51. Rxb2 Bxg4 52. fxg4 Rxe7 53.
Rb5 Ra7 54. Kc2 Ra6 55. Kd3 Ra8 56. Kd2 Ra7 57. Kd3 Rb7 58. Rxb7 Kxb7 59. c5
Kc7 0-1

[Event "Lichtenberger Sommer 2018"]
[Site "?"]
[Date "2018.08.21"]
[Round "4.91"]
[White "Tschirschwitz, Stephan"]
[Black "Lee, Kwan Ho"]
[Result "0-1"]
[WhiteElo "1530"]
[BlackElo "1650"]
[PlyCount "92"]
[EventDate "2018.??.??"]
[WhiteTeam "Lasker Steglitz-Wilmersdorf"]
[BlackTeam "Hong Kong Chess Federation"]

1. d4 d5 2. Nf3 e6 3. c4 Nf6 4. Bg5 Be7 5. Nc3 c6 6. e3 O-O 7. Bd3 Na6 8. a3
Nc7 9. c5 Nd7 10. Bxe7 Qxe7 11. Ne5 Nxe5 12. dxe5 Qxc5 13. Qc2 g6 14. b4 Qe7
15. Ne2 Qg5 16. f4 Qxg2 17. O-O-O Qf2 18. Kd2 Nb5 19. Rdf1 Qh4 20. a4 Na3 21.
Qb3 Nc4+ 22. Bxc4 dxc4 23. Qxc4 Rd8+ 24. Kc2 Bd7 25. Nc3 b5 26. Qe2 bxa4 27.
Nxa4 Rab8 28. Rb1 Qe7 29. Nc5 Bc8 30. Qc4 f6 31. Nd3 Rb6 32. exf6 Qxf6 33. Ne5
Qf5+ 34. Kc1 Ba6 35. Qb3 c5 36. Rd1 Rc8 37. Kb2 Rxb4 38. Qxb4 cxb4 39. Rd2 Bb5
40. Ra1 a6 41. Rad1 Kg7 42. Nf3 Ba4 43. Nd4 Qe4 44. Re1 Rd8 45. Nxe6+ Qxe6 46.
Rxd8 Qb3+ 0-1

[Event "Lichtenberger Sommer 2018"]
[Site "?"]
[Date "2018.08.21"]
[Round "4.92"]
[White "Ollek, Karl-Heinz"]
[Black "Schubert, Vincent"]
[Result "1/2-1/2"]
[WhiteElo "1681"]
[BlackElo "1296"]
[PlyCount "78"]
[EventDate "2018.??.??"]
[WhiteTeam "SC Friesen Lichtenberg"]
[BlackTeam "Borussia Lichtenberg"]

1. c4 c5 2. Nc3 Nc6 3. Nf3 e6 4. g3 b6 5. Bg2 Bb7 6. O-O Nb4 7. a3 Na6 8. d3
Nf6 9. e4 d6 10. Nd2 Rb8 11. f4 Be7 12. Nf3 O-O 13. Rb1 Re8 14. b4 cxb4 15.
axb4 Nc7 16. Re1 d5 17. e5 Nd7 18. Be3 Bf8 19. Nd4 a6 20. Qb3 dxc4 21. dxc4
Bxg2 22. Kxg2 Qc8 23. Qd1 Be7 24. Nc6 Rb7 25. Nxe7+ Rxe7 26. Ne4 Ne8 27. c5
bxc5 28. Bxc5 Nxc5 29. Nxc5 Ra7 30. Qf3 Qa8 31. Qxa8 Rxa8 32. Ra1 Rea7 33. Re2
Nc7 34. Rea2 g6 35. Kf3 Rb8 36. Nd3 Nd5 37. Rxa6 Rxa6 38. Rxa6 Nxb4 39. Nxb4
Rxb4 1/2-1/2

[Event "Lichtenberger Sommer 2018"]
[Site "?"]
[Date "2018.08.21"]
[Round "4.93"]
[White "Abraham, Helmut"]
[Black "Timm, Christian"]
[Result "0-1"]
[WhiteElo "1461"]
[BlackElo "1651"]
[PlyCount "90"]
[EventDate "2018.??.??"]
[WhiteTeam "SC Kreuzberg"]
[BlackTeam "König Springer Herzberg"]

1. Nf3 e6 2. c4 b6 3. Nc3 Bb7 4. b3 Be7 5. Bb2 Nf6 6. e3 d6 7. d4 Nbd7 8. Bd3
O-O 9. O-O c5 10. d5 Re8 11. e4 exd5 12. exd5 a6 13. a4 Qc7 14. Qc2 Ne5 15.
Nxe5 dxe5 16. Ne4 Nh5 17. Rfd1 Rad8 18. Ng3 Nf6 19. Ne4 g6 20. f4 Nxe4 21. Bxe4
exf4 22. Qc3 f6 23. d6 Rxd6 24. Bxb7 Rxd1+ 25. Rxd1 Qxb7 26. Rd5 Rd8 27. Qf3
Rxd5 28. cxd5 Qd7 29. Qe4 Kf7 30. Qc4 b5 31. axb5 axb5 32. Qe4 Qd6 33. Bc1 Qe5
34. Qf3 Qe1+ 35. Qf1 Qxf1+ 36. Kxf1 g5 37. Ke2 Bd6 38. Kf3 f5 39. g4 fxg3 40.
hxg3 h6 41. Be3 Kf6 42. Bd2 Ke5 43. Bc3+ Kxd5 44. Bg7 g4+ 45. Kg2 h5 0-1

[Event "Lichtenberger Sommer 2018"]
[Site "?"]
[Date "2018.08.21"]
[Round "4.94"]
[White "Schiller, Stephan"]
[Black "Paris, Gerhard"]
[Result "1-0"]
[WhiteElo "1604"]
[BlackElo "1455"]
[PlyCount "101"]
[EventDate "2018.??.??"]
[WhiteTeam "SV Motor Wildau"]
[BlackTeam "TSG Oberschöneweide"]

1. d4 Nf6 2. c4 g6 3. Nc3 d6 4. e4 Bg7 5. Nf3 O-O 6. Be2 e5 7. d5 Nbd7 8. Qc2
a5 9. Be3 Nc5 10. a3 Bd7 11. Bxc5 dxc5 12. Nxe5 Re8 13. Nxd7 Qxd7 14. Bf3 Ng4
15. h3 Ne5 16. Be2 Qe7 17. O-O-O Nd7 18. Kb1 Bxc3 19. Qxc3 Qxe4+ 20. Bd3 Qe5
21. Qxe5 Rxe5 22. Kc1 Rae8 23. Kd2 Nf6 24. f3 Nh5 25. Rhe1 Nf4 26. Bf1 Nh5 27.
Rxe5 Rxe5 28. Re1 f6 29. Rxe5 fxe5 30. Ke3 Kf7 31. Be2 Nf4 32. Bf1 Nh5 33. Bd3
Kf6 34. h4 Nf4 35. Bf1 h6 36. Ke4 Nh5 37. Ke3 Ng3 38. Bd3 b6 39. Kf2 Nf5 40. g3
Ng7 41. g4 Ne8 42. Ke3 Nd6 43. b3 Nf7 44. Ke4 Nd8 45. f4 exf4 46. Kxf4 g5+ 47.
hxg5+ hxg5+ 48. Ke3 Nf7 49. Be4 Ke5 50. Bf3 Nd6 51. Be2 1-0

[Event "Lichtenberger Sommer 2018"]
[Site "?"]
[Date "2018.08.21"]
[Round "4.95"]
[White "Torosyan, Bagrat"]
[Black "Krawatzki, Armin"]
[Result "1/2-1/2"]
[WhiteElo "1309"]
[BlackElo "1654"]
[PlyCount "59"]
[EventDate "2018.??.??"]
[WhiteTeam "Schachpinguine Berlin"]
[BlackTeam "Läufer Reinickendorf"]

1. e4 e6 2. d4 d5 3. e5 c5 4. c3 Nc6 5. Nf3 Bd7 6. Bd3 Qb6 7. O-O cxd4 8. cxd4
Nxd4 9. Nxd4 Qxd4 10. Nc3 Qb6 11. Bd2 Ne7 12. Qh5 Ng6 13. Bxg6 fxg6 14. Qe2 Bc5
15. Qf3 Rf8 16. Qg3 Rf7 17. Bg5 Kf8 18. Rac1 Rc8 19. Ne2 Kg8 20. Be3 Bxe3 21.
Rxc8+ Bxc8 22. Qxe3 Qxe3 23. fxe3 Rf5 24. Rxf5 gxf5 25. Nd4 Bd7 26. h3 Kf7 27.
g4 g6 28. g5 a6 29. Kf2 Ke7 30. Ke2 1/2-1/2

[Event "Lichtenberger Sommer 2018"]
[Site "?"]
[Date "2018.08.21"]
[Round "4.96"]
[White "Vollmar, Timo"]
[Black "Theilig, Reinhard"]
[Result "1/2-1/2"]
[WhiteElo "1477"]
[BlackElo "1598"]
[PlyCount "53"]
[EventDate "2018.??.??"]
[WhiteTeam "BSV 63 Chemie Weißensee"]
[BlackTeam "VfB Hermsdorf"]

1. e4 d6 2. d4 Nf6 3. Nc3 g6 4. Nf3 Bg7 5. Bc4 O-O 6. O-O Nxe4 7. Nxe4 d5 8.
Bxd5 Qxd5 9. Nc3 Qd8 10. Re1 e6 11. Bg5 Qd6 12. Ne4 Qb6 13. b3 Nd7 14. Qd2 c5
15. Be7 Re8 16. Bxc5 Nxc5 17. Nxc5 Qc7 18. Rad1 b6 19. Ne4 Bb7 20. c4 Rad8 21.
Qg5 Qe7 22. Qxe7 Rxe7 23. Kf1 Red7 24. Neg5 h6 25. Ne4 Bxd4 26. Nxd4 Rxd4 27.
Nc3 1/2-1/2